| 000 | 00905nam0a22003011 4500 | ||
|---|---|---|---|
| 001 | RU\NLR\A1SV\28413 | ||
| 005 | 20251203171251.9 | ||
| 035 | _a(NLR Aleph) 009712352 | ||
| 090 |
_a9839625 _c9839625 |
||
| 100 | _a19800713d1926 u y0rusy50 ca | ||
| 101 | 0 | _arus | |
| 102 | _aRU | ||
| 200 | 1 |
_aКаталог выставки _fГос. Музей нового зап. искусства. Поль Гоген. Paul Gauguin. (1848-1903) |
|
| 210 |
_aМ. _cМосполиграф _d1926 |
||
| 215 |
_a8 с. _cил. _d18 см |
||
| 620 | _dМосква | ||
| 710 | 1 | 2 |
_aГоген, Поль. Выставка картин _eМосква _f1926 |
| 801 | 0 |
_aRU _bNLR _c19800713 |
|
| 852 |
_aNLR _j41/628 |
||
| 899 | _aГМУ "Архангельское" | ||
| 899 | _aБАН | ||
| 899 | _aРГБ | ||
| 899 | _aРКП | ||
| 899 | _aНБ ТГУ | ||
| 942 | _cBOOK | ||
| 980 | _aNB | ||
| 980 | _aA1SV | ||